000 00647na a2200217 4500
001 19196
003 MIRAKIL
005 20181213155053.0
008 161209b tu 000 0
035 _a19196
040 _aMilas
_btur
_cTR-AnCHP
041 _atur
082 _a353.0312
_bC85 2000
090 _a353.0312 C85 2000
245 _aCumhurbaşkanlığı imaj ve beklenti araştırması
_cAnkara Sosyal Araştırmalar Merkezi
260 _aAnkara
_bMÜSİAD
_c2000
300 _a26 s.
_btbl.; grf.
_c27 sm.
650 _aCumhurbaşkanlığı
_xİmaj
_yAraştırmalar
710 _aAnkara Sosyal Araştırmalar Merkezi
942 _2ddc
_cBKS
999 _c5999
_d5999